000 00587nam a2200205Ii 4500
001 5347
003 CO-ViMGA
008 241108s9999||||xx |||||||||||||| ||und||
040 _aCO-ViMGA
_bspa
_erda
_cCO-ViMGA
041 0 _aspa
084 _aN BER14t
100 1 _aCharles Berlitz
_945661
245 1 0 _aEl triángulo de las Bermudas
264 1 _aBogotá, Colombia : Círculo de Lectores, 1974
300 _avolumen
336 _atext
_btxt
_2rdacontent
337 _aunmediated
_bn
_2rdamedia
338 _avolume
_bnc
_2rdacarrier
940 _aidficha_siabuc: 5204. -- ficha_no_siabuc:5347
999 _c40186
_d40186